| 000 | 00584nam a2200181Ia 4500 | ||
|---|---|---|---|
| 001 | 20707 | ||
| 005 | 20260306172825.0 | ||
| 008 | 260306t2008||||xx |||||||||||||| ||spa|| | ||
| 041 | _aESP | ||
| 082 |
_a343.7 _bF62 |
||
| 100 |
_aFlores Dapkevicius, Rubén _eAUT |
||
| 245 | 0 |
_aLa acción de nulidad y la responsabilidad del estado: _bincluye la Ley Orgánica del Tribunal de lo Contencioso Administrativo, actualizada, anotada y concordada con jurisprudencia |
|
| 260 | _c2008 | ||
| 300 |
_a358 páginas : _c22 cm. |
||
| 650 | _aGEN | ||
| 654 | _aCDE | ||
| 942 |
_cLIB _dJUS _fJUS _2ddc _n |
||
| 999 |
_c20707 _d20707 |
||